000 01149nab a22002417a 4500
999 _c5643
_d5643
003 OSt
005 20251226212529.0
008 190603e xxum|||| |||| 00| 0 spa d
040 _cPJ
100 _96610
_aDi Lella, Nicolás J.
245 1 0 _aPersona humana vulnerable sobreendeudada. Cuestiones actuales jurisdiccionales y administrativas /
_cNicolás J. Di Lella.
260 _cCiudad Autónoma de Buenos Aires :
_aThomson Reuters La Ley,
_b2025.
300 _ap. 77-106
500 _aCita: TR LALEY AR/DOC/1078/2025 Publicado en: RCCyC 2025 (junio).
505 _aSumario: I. Preliminar.— II. Cuestiones jurisdiccionales.— III. Faceta administrativa.— IV. Consideraciones finales. Urgente necesidad de una reforma.
505 _t¿Te interesa el texto completo? Solicitalo al correo: koha@justierradelfuego.gov.ar
650 0 _91497
_aCODIGO CIVIL Y COMERCIAL
650 0 _91739
_aQUIEBRA
650 0 _91753
_aCONCURSO PREVENTIVO
650 0 _aDERECHO CONCURSAL
773 0 _02713
_93170
_dCiudad Autónoma de Buenos Aires : Thomson Reuters La Ley, 2015-
_tRevista Código Civil y Comercial. Nº 3 - Junio 2025
942 _2udc
_cANA